00538nam a2200205 a 4500001001300000003000900013005001700022008004100039020000900080082002000089100001800109245003200127260003900159300000900198500003500207505002400242650003500266650001300301700001800314nice12345678IN_TiNIC20260116013453.0050524s1984 bana grp 000 0 eng  ac2000a324.245408bSES aSeshadri, H V aHindu Renaissance Under Way aBangalorebJagrana Prakashanc1984 a206p aincludes index and biblioraphy2 aBibliography, Index aReligious Fundamentalism-Hindu aHindutva1 aSeshadri, H V